Paesi più vicini al Canada dalle prime due lettere - Statistics

Statistiche generali
  • Questo quiz è stato fatto 157 volte
  • Il punteggio medio è 12 su 20
Statistiche sulle risposte
km nazione % Corretto
0 Stati Uniti
98%
1809 Messico
96%
1232 Bermuda (Regno Unito)
82%
26 Groenlandia (Danimarca)
75%
2065 Cuba
71%
2832 Sint Maarten (Paesi Bassi)
70%
2733 Guatemala
68%
1238 Russia
68%
2625 Giamaica
66%
2644 Repubblica Dominicana
66%
2642 Belize
61%
1657 Bahamas
59%
2823 Honduras
52%
1638 Islanda
50%
2582 Haiti
49%
8 St Pierre e Miquelon (Francia)
46%
2200 Norvegia
33%
2352 Svezia
30%
2342 Finlandia
29%
1928 Azzorre (Portogallo)
19%
Nessun quiz corrispondente trovato
Distribuzione punteggi
Percentuale di utenti per punteggio
Percentile per numero di risposta
I tuoi punteggi nel tempo
Non hai fatto questo quiz